Statistics for NCAA College Teams by State: Iowa

Click here to take the quiz!

General Stats

  • This quiz has been taken 25 times
  • The average score is 8 of 15

Answer Stats

% Correct
Division I-AIowaHawkeyes
100%
Division I-AIowa StateCyclones
100%
Division I-AANorthern IowaPanthers
100%
Division I-AADrakeBulldogs
83%
Division IIUpper IowaPeacocks
48%
Division IIICentralDutch
43%
Division IIICoeKohawks
43%
Division IIILorasDuhawks
39%
Division IIILutherNorse
39%
Division IIIGrinnellPioneers
35%
Division IIIWartburgKnights
35%
Division IIIDubuqueSpartans
30%
Division IIISimpsonStorm
30%
Division IIIBuena VistaBeavers
22%
Division IIICornell CollegeRams
22%

Score Distribution

Percentile by Number Answered

Percent of People with Each Score

Your Score History

You have not taken this quiz